Don't Pick Wrong #4(IMPOSSIBLE) - Statistics

General Stats
  • This quiz has been taken 40 times
  • The average score is 1 of 15
Answers on the Grid
Answers color-coded by a green-red scale on the quiz's grid according to % correct below.
Click Here
Click Here
Click Here
Click Here
Click Here
Click Here
Click Here
Click Here
Click Here
Click Here
Click Here
Click Here
Click Here
Click Here
Click Here
Click Here
Click Here
Click Here
Click Here
Click Here
Click Here
Click Here
Click Here
Click Here
Click Here
Click Here
Click Here
Click Here
Click Here
Click Here
Click Here
Click Here
Click Here
Click Here
Click Here
Click Here
Click Here
Click Here
Click Here
Click Here
 
Answer Stats
Answer % Correct
Click Here
20%
Click Here
20%
Click Here
20%
Click Here
10%
Click Here
10%
Click Here
10%
Click Here
10%
Click Here
10%
Click Here
10%
Click Here
10%
Click Here
10%
Click Here
0%
Click Here
0%
Click Here
0%
Click Here
0%
No matching quizzes found
Score Distribution
Percent of People with Each Score
Percentile by Number Answered
Your Score History
You have not taken this quiz